[Event "RUS-The World"]
[Site "Moscow"]
[Date "2002.09.09"]
[Round "4"]
[White "Khalifman, Alexander"]
[Black "Ponomariov, Ruslan"]
[Result "0-1"]
[WhiteElo "2690"]
[BlackElo "2743"]
[Annotator "Gershon,A"]
[PlyCount "118"]
[EventDate "2002.09.08"]
[EventType "schev (rapid)"]
[EventRounds "10"]
[EventCountry "RUS"]
[SourceTitle "CBM 091"]
[Source "ChessBase"]
[SourceDate "2002.11.12"]
[SourceVersion "1"]
[SourceVersionDate "2002.11.12"]
[SourceQuality "1"]
[WhiteTeam "Russia"]
[BlackTeam "The World"]
[WhiteTeamCountry "RUS"]

1. d4 Nf6 2. Nf3 e6 3. c4 b6 4. g3 Ba6 5. Nbd2 {Now the main line 5.b3 is
replaced more and more by other posible lines like: 5.Qb3,5.Qa4,5.Qc2 and the
move in the text.} Be7 {Other possibilities are:} (5... Bb4 6. Qc2 (6. Qa4 $6
c5 7. a3 Bxd2+ 8. Bxd2 O-O 9. Bg2 d5 $132 {0-1 Bonin,J-Ibragimov,I/Kerhonkson
USA 2002/The Week in Chess 409 (30)}) 6... Bb7 7. Bg2 Be4 (7... c5 8. d5 exd5
9. Nh4 O-O 10. O-O Nc6 11. cxd5 Nd4 12. Qd3 Bxd2 $15 {1/2-1/2 Nikolac,
J-Damljanovic,B/Neum BIH 2002/The Week in Chess 396 (44)}) 8. Qb3 Bxd2+ 9. Bxd2
O-O 10. O-O d6 11. Rfd1 (11. Qe3 Nbd7 12. Bc3 a5 13. Rfd1 c6 $14 {0-1 Zivanic,
M-Kovacevic,A/Belgrade YUG 2002/The Week in Chess 400 (36)}) 11... Nbd7 12.
Rac1 Re8 13. Be1 Qe7 14. Qe3 a5 15. Bf1 Bb7 $11 {0-1 Sakaev,K-Adams,M/
Halkidiki GRE 2002/The Week in Chess 412 (51)}) (5... c5 6. Bg2 Nc6 7. dxc5
bxc5 8. O-O Qc7 9. b3 Be7 10. Bb2 O-O 11. Qc2 $14 {1/2-1/2 Shushpanov,R-Aseev,
K/St Petersburg RUS 2002/The Week in Chess 380 (29)}) 6. Bg2 d5 7. cxd5 (7. O-O
O-O 8. Ne5 Bb7 9. Qc2 (9. b3 a5 10. Bb2 Na6 11. cxd5 exd5 12. Nd3 Re8 13. Nf4
Bd6 14. Nc4 Bxf4 15. gxf4 Ne4 $15 {0-1 Kuzmin,A-Istratescu,A/Dubai UAE 2002/
The Week in Chess 390 (43)}) 9... c5 10. dxc5 bxc5 11. Nb3 Qb6 12. cxd5 exd5
13. Be3 Na6 14. Rac1 $14 {1-0 Gavrilov,A-Jurek,J/Olomouc CZE 2002/The Week in
Chess 405 (98)}) 7... exd5 8. O-O O-O 9. Ne5 {Important to play this move now
in order to prevent the easy development of the Nb8.} Bb7 (9... c5 $5 10. b3
Re8 11. Bb2 Bb7 12. Rc1 Na6 13. e3 Bd6 14. Re1 Qe7 $11 {0-1 Prakash,
G-Ibragimov,I/Guntur, AP 2000/CBM 77 (51)}) 10. b3 Na6 11. Bb2 c5 {The opening
is almost over. The setup chosen by black might be a bit passive, but it
demands a very careful play on the white side.} 12. Rc1 Nc7 (12... Qc8 {
[%cal Gc8e6]} 13. Qc2 Qe6 14. Rfd1 Rac8 15. Qb1 Rc7 16. e3 Rfc8 17. Nd3 Qf5 $14
{1-0 Koutsin,S-Timoscenko,G/Seefeld 1999/EXT 2001 (40)}) 13. dxc5 $5 bxc5 $6 (
13... Bxc5 $142 14. Nd3 $14) 14. Nd3 $6 {[%mdl 8192] A tactical blunder.} (14.
Ndc4 $1 {[%cal Gc4a5,Ga5c6]} Ne6 15. Ne3 {[%cal Ge3f5,Gd1d2,Gf1d1] With much
better position for white.}) 14... Nd7 15. Nf4 (15. e4 $5 d4 16. Nc4 Ne6 17. f4
f5 18. Qe2 $14) 15... Rb8 $11 {Preparing d4 in some variations,so the Bb7 will
be protected.} 16. e4 $6 (16. e3 $5 {More accurate.}) 16... d4 17. Nc4 Bg5 $1 {
All black pieces are ideally placed for the upcoming battle.} 18. Rc2 $2 {
Too passive,now black gets a better position.} (18. Qg4 $142 Ba6 $1 {[%cal
Ga6c4,Gd7e5]}) 18... Bxf4 19. gxf4 Qh4 20. Qf3 $2 {[%mdl 8192] Simply loses a
pawn.} (20. Bc1 $142 f5 21. e5 Be4 22. Bxe4 fxe4 $15 {/-/+}) 20... Ne6 21. Qg3
(21. f5 Ng5 $19 {[%csl Re4][%cal Gg5e4,Gb7e4,Gh4e4]}) 21... Qxf4 22. Bc1 Qxg3
23. hxg3 Ba6 $1 24. Rd1 Nb6 (24... Bxc4 $143 25. Rxc4 Ne5 26. Ra4) 25. Ne5 (25.
Bf1 Bxc4 26. Bxc4 Nxc4 27. Rxc4 Rb5 $17) 25... Rbc8 26. Ba3 Rfd8 27. Bf1 (27.
Bh3 $142 c4 28. bxc4 Nxc4 29. Nxc4 Rxc4 30. Rcd2 Ra4 31. Be7 {With some
chances.}) 27... Bxf1 28. Kxf1 f6 29. Nc4 (29. Nd3 c4 30. bxc4 Rxc4 $17) 29...
g5 $5 {[%cal Gg5g4] Preventing f4!} 30. f3 Kg7 31. Kf2 h5 32. Nb2 (32. Rdc1 h4
33. gxh4 gxh4 $17 {[%cal Ge6f4,Gf4d3]}) 32... Rc7 33. Rdc1 Rdc8 34. Nc4 Nxc4
35. Rxc4 Kg6 $19 {The position is winning for black,from now on it is just a
matter of technique and black definitely shows some good one!} 36. b4 $2 {
[%mdl 4096] This move transfers the game into an easily winning ending for
black.} (36. Ra4 $142 {[%cal Ga4a6]}) 36... cxb4 37. Rxc7 Rxc7 38. Rxc7 Nxc7
39. Bxb4 Ne6 40. Bd2 f5 $1 {Exactly on time!} 41. exf5+ (41. e5 f4 {[%cal
Gg6f5]} 42. g4 h4 $19 {[%cal Gg6f7,Gf7d7,Gd7c6]}) 41... Kxf5 42. Ke2 Ke5 43.
Be1 (43. Bxg5 Nxg5 44. f4+ Kf5 45. fxg5 Kxg5 $19) 43... Kd5 {White can't stop
the advance of dP.} 44. Bd2 g4 45. Bc1 (45. f4 Ke4 $19 {[%cal Ge6g7,Gg7f5]})
45... Kc4 46. Bd2 Ng7 47. Bf4 Nf5 $22 {White must exchange on g4,since he has
no other moves.} 48. fxg4 (48. Bc7 Kc3 49. fxg4 hxg4 50. Kd1 Kd3 51. Bb8 a6 52.
Be5 Ke3 $19) 48... hxg4 49. Kd2 a6 {The rest is simple and black doesn't slip.}
50. Kc2 d3+ 51. Kd1 Kd4 52. Kd2 Ke4 53. Bb8 Nd4 54. Bf4 Nc2 55. Bd6 Ne3 56. Bf4
Nc4+ 57. Kd1 (57. Kc3 d2 58. Kc2 Kf3 59. Kd1 Kf2 60. a3 Kf3 61. a4 Kf2 62. a5
Kf3 $19) 57... Kf3 58. Bc7 d2 59. Bf4 Kf2 $22 {White has only moves with aP .}
(59... Kf2 60. Bc7 Ke3 {[%cal Gc4b2,Gd2d1]}) 0-1

[Event "RUS-The World"]
[Site "Moscow"]
[Date "2002.09.10"]
[Round "8"]
[White "Gelfand, Boris"]
[Black "Khalifman, Alexander"]
[Result "1-0"]
[WhiteElo "2710"]
[BlackElo "2690"]
[Annotator "Ribli,Z"]
[PlyCount "57"]
[EventDate "2002.09.08"]
[EventType "schev (rapid)"]
[EventRounds "10"]
[EventCountry "RUS"]
[SourceTitle "CBM 091"]
[Source "ChessBase"]
[SourceDate "2002.11.12"]
[SourceVersion "1"]
[SourceVersionDate "2002.11.12"]
[SourceQuality "1"]
[WhiteTeam "The World"]
[BlackTeam "Russia"]
[BlackTeamCountry "RUS"]

1. d4 {Ftacnik} Nf6 2. Nf3 d5 3. c4 e6 4. Nc3 dxc4 {Großmeister Khalifman
spielt die Wiener Variante mit Weiß und Schwarz.} 5. e4 Bb4 6. Bg5 c5 7. Bxc4
cxd4 8. Nxd4 Qa5 {Dieser Zug wurde vor ein paar Jahren regelmäßig von
Großmeister Morozevich gespielt.} 9. Bd2 Qc5 10. Bb5+ Nbd7 {Früher spielte man
nur 10...Bd7. Der Textzug war von Kasparov (in der Partie Pelletier-Kasparov,
Zuerich 2001) in die Turnierpraxis eingeführt worden. Die Idee des Textzugs
ist es, den Bb5 mit a6 und b5 zu verjagen.} 11. Nb3 Qb6 12. Qe2 (12. Bxd7+ $6
Bxd7 13. e5 Bxc3 14. Bxc3 Nd5 $15 {[%csl Gd5]}) 12... a6 13. Bd3 (13. Bxd7+
Bxd7 14. e5 Nd5 $5 15. Ne4 O-O $11) 13... Ne5 14. O-O (14. Bb1 Bd7 15. f4 Bxc3
(15... Ng6 $5) 16. Bxc3 Bb5 17. Qf2 Nd3+ 18. Bxd3 Qxf2+ 19. Kxf2 Bxd3 20. Bxf6
gxf6 21. Nc5 O-O-O 22. Rac1 Kb8 23. Ke3 Bb5 24. a4 Be8 25. Rc3 (25. Rhd1 Rxd1
26. Rxd1 Bc6 27. Nd7+ Kc7 28. Nxf6 {1-0 Dizdar,G-Petrov,J/Pula 2001/EXT 2002 
(42)}) 25... a5 26. b3 Bc6 27. Rhc1 f5 {1/2-1/2 Pogorelov,R-Kulaots,K/Moscow
RUS 2002/(42)}) 14... Bd7 (14... O-O 15. Na4 $5) 15. Rac1 (15. Rfd1 Nxd3 $6 16.
Qxd3 Bc6 17. e5 $1 (17. Qg3 $2 Bxc3 18. Bxc3 Nxe4 19. Qxg7 Qxf2+ 20. Kh1 Nxc3
21. bxc3 Ke7 22. Qg5+ Qf6 23. Qc5+ Ke8 24. Nd4 Bxg2+ 25. Kxg2 Rg8+ {0-1 Cvitan,
O-Horvath,C/Pula 2001/EXT 2002 (25)}) 17... Nd5 18. Ne4 Be7 19. Qg3 $36) 15...
O-O 16. Be3 $1 {[%mdl 4] Ftacnik: 'The novelty in a well known position, it is
nearly certain that Gelfand has prepared the improvement of the key Kasparov's
game.'  Das ist die (vorbereitete) Neuerung Gelfands.} (16. Bg5 $2 Nxd3 17.
Qxd3 Bxc3 $1 18. Bxf6 Bxf6 19. Qxd7 Bxb2 $17 {0-1 Pelletier,Y-Kasparov,G/
Zuerich 2001/CBM 83/[Ribli] (41)}) (16. Rfd1 $5 Nxd3 17. Qxd3 Bc6 18. Qg3 {
Nach diesem Zug droht 19.Bh6 und 19.Be3 - die Dame auf g3 nimmt das Feld c7
von der schwarzen Dame.} Rfc8) 16... Qd6 (16... Qd8 17. Rfd1 $14 {[%cal Gd1d8]}
) 17. Rfd1 $14 {[%csl Rd6][%cal Gd1d6] Es scheint, dass die schwarze Dame
schlecht steht: Weiß hat das bessere Figurenspiel.} Neg4 (17... Nxd3 18. Rxd3
Qe7 (18... Qb8 {Ftacnik} 19. Bg5 $16) 19. Bg5 (19. a3 {Ftacnik} Bxc3 20. Bc5
$16) 19... Bxc3 (19... h6 20. Bxf6 gxf6 21. Qh5 $18) 20. Rcxc3 Bb5 21. e5 $18)
(17... Qe7 18. a3 Bxc3 (18... Bd6 19. f4 Nxd3 20. Qxd3 Bb8 21. Bc5 Ba7 22. Bxa7
Rxa7 23. e5 Nd5 24. Nxd5 exd5 25. Qxd5 $16) 19. Bc5 $18) 18. g3 (18. f4 $2 Nxe3
19. Qxe3 Ng4 $17 {[%csl Rg1]}) 18... Nxe3 (18... Rac8 {Ftacnik} 19. Bg5 $14)
19. Qxe3 Ng4 (19... Qe7 $142 $5 20. a3 (20. e5 Bxc3 21. bxc3 $5 (21. Rxc3 Nd5
$11) 21... Nd5 22. Qe4 g6 (22... f5 23. exf6 Nxf6 24. Qxb7 Nd5 {[%csl Rb7]
[%cal Rf8b8,Rb8b7] Droht 25...Rfb8 mit Damengewinn.} 25. Be4 Rfb8 26. Bxd5 Rxb7
27. Bxb7 Ra7 28. Be4 $11) 23. c4 Nb4 24. Qxb7 Nxa2 25. Rc2 Qb4 26. Qxd7 Rad8
$132) 20... Bxc3 21. Rxc3 e5 (21... Ba4 $2 22. e5 Nd5 23. Qe4 $18 {[%cal Rd3h7,
Re4a4]}) 22. Rc7 $14) (19... Qe5 {Ftacnik} 20. f4 Qh5 21. Be2 Qh3 22. Bf1 Qh5
23. e5 Bxc3 24. exf6 Bxb2 25. Rxd7 $16) 20. Qg5 e5 {'?!' Ftacnik. Ftacnik:
'This move is extraordinarily brave, black believes in possibility of
counterplay connected with the knight on g4. Giving up the control of the
square d5 will prove to be more important, white pieces suddenly become
distinctly more active. '} (20... Ne5 {Ftacnik} 21. Be2 f6 $1 (21... Qb8 {
Ftacnik} 22. f4 f6 23. Qh5 Qa7+ 24. Kf1 Be8 25. Qh3 Nc6 26. Bc4 $16) 22. Rxd6 (
22. Qe3 {Ftacnik} Qe7 23. a3 Bd6 $11) 22... fxg5 23. Rb6 Bxc3 24. Rxc3 Bc6 25.
Nc5 g4 26. Nxb7 (26. h3 {Ftacnik} Rad8 (26... gxh3 {Ftacnik} 27. f4 $16) 27.
hxg4 Rd2 28. Re3 Bb5 $11) 26... Bxe4 27. Rxe6 $14) 21. Nd5 {[%csl Rb4,Gd5,Rd6,
Rg4][%cal Gd1d6][%mdl 2048] '!' Ftacnik. Weiß kontrolliert das Schlüsselfeld
d5, die schwarze Figurenkoordination ist schlecht.} h6 (21... Nf6 22. Nxb4 (22.
Nxf6+ Qxf6 23. Qxf6 gxf6 24. a3 Ba4 $5 (24... Be7 25. Bxa6 Bg4 26. Bxb7 Bxd1 (
26... Rab8 27. Bd5 Bxd1 28. Rxd1 $14) 27. Rxd1 $14) 25. Bc2 $14) 22... Qxb4 23.
Qxe5 $16) (21... Rac8 {Ftacnik} 22. Be2 f6 23. Qh4 Rxc1 24. Nxc1 Nh6 25. Nxf6+
Qxf6 26. Qxf6 Rxf6 27. Rxd7 $16) 22. Qh4 Rac8 {'?' Ftacnik.} (22... Nf6 {
Ftacnik} 23. Nxf6+ Qxf6 24. Qxf6 gxf6 25. a3 Ba4 26. Bc2 (26. Bc4 {Ftacnik} Be7
27. Bd5 $14) 26... Rfc8 27. Na1 Bxc2 28. Nxc2 Bc5 29. Kf1 $14) 23. Be2 {
Droht 24.Nxb4 und der g4N hängt auch.} Rxc1 24. Nxc1 $18 f5 25. exf5 (25. Nxb4
Qxb4 26. Rxd7 $4 Qe1+ $19) 25... Nxf2 {Mit diesem Zug - in schlechter Stellung
- versucht Schwarz noch im Trüben zu fischen.} 26. Kxf2 {Schwarz hat keine
Kompensation für die Figur - er kann nur ein Schach geben.} Rxf5+ 27. Kg2 Bc6 {
[%cal Gc6g2]} 28. Kh3 Qe6 29. g4 1-0

[Event "Hoogeveen Essent Crown"]
[Site "Hoogeveen"]
[Date "2002.10.14"]
[Round "2"]
[White "Khalifman, Alexander"]
[Black "Polgar, Judit"]
[Result "1/2-1/2"]
[WhiteElo "2690"]
[BlackElo "2685"]
[Annotator "Gershon,A"]
[PlyCount "43"]
[EventDate "2002.10.13"]
[EventType "tourn"]
[EventRounds "6"]
[EventCountry "NED"]
[EventCategory "17"]
[SourceTitle "CBM 092"]
[Source "ChessBase"]
[SourceDate "2003.02.06"]
[SourceVersion "1"]
[SourceVersionDate "2003.02.06"]
[SourceQuality "1"]

1. d4 Nf6 2. c4 e6 3. Nf3 b6 4. g3 Ba6 5. Nbd2 d5 (5... Bb4 6. Qc2 Bb7 7. Bg2
Be4 8. Qd1 O-O 9. O-O Bxd2 10. Qxd2 a5 11. b3 d6 12. Bb2 Nbd7 13. Rfe1 a4 14.
Bf1 h6 15. Qc3 Bb7 16. Nd2 c5 17. e4 {1/2-1/2 Hellsten,J-Hansen,S/Luebeck GER
2000 (33) White's position looks slightly better.But still black has nice pawn
structure and "good" pieces what gives him good chances to equalize.}) 6. Bg2
Be7 7. O-O O-O {This position is gaining in popularity lately, and, somehow,
Khalifman seems to take on himself to prove white better here.} 8. cxd5 {
many other moves have been tried here, but they all lead to same positions.} (
8. Ne5) (8. Qc2) (8. b3) 8... exd5 9. Ne5 Bb7 10. b3 c5 (10... a5 11. Qc2 (11.
Bb2 Na6 12. Rc1 {Lautier prefered to place the Q on c2 and R on d1.} c5 13. Nd3
{[%cal Gd3f4]} (13. e3 Rc8 14. Ndf3 Bd6 $11) 13... Re8 14. Nf4 cxd4 $6 {
This move leads to a slightly worse position,while after 14...Rc8 black has a
good  pawn structure and well placed pieces.} (14... Rc8 $11) 15. Nf3 (15. Bxd4
Ba3 16. Ra1 Ne4 {And black is fine.}) 15... Nb4 16. a3 Na2 {This was the
black's idea.} 17. Rc2 Nc3 $13 {1/2-1/2 Khalifman,A-Leko,P/New Delhi/Theran
2000/CBM 81/[Rabinovich,A] (49)}) 11... Na6 12. Bb2 c5 13. dxc5 bxc5 14. Rad1
a4 15. bxa4 Nb4 $11 {0-1 Lautier,J-Karpov,A/Monte Carlo 2000/CBM 76/[Gershon] 
(34). (34)}) (10... Na6 11. Bb2 c5 12. Rc1 Nc7 13. dxc5 bxc5 14. Nd3 Nd7 15.
Nf4 Rb8 16. e4 d4 17. Nc4 Bg5 18. Rc2 Bxf4 19. gxf4 Qh4 20. Qf3 Ne6 $11 {
0-1 Khalifman,A-Ponomariov,R/Moscow RUS 2002/The Week in Chess 409 (59)}) 11.
Bb2 Nbd7 12. Nxd7 (12. dxc5 bxc5 13. Rc1 Nxe5 14. Bxe5 Qb6 15. Qc2 Rfe8 16. e3
Rac8 17. Rfd1 Nd7 18. Bb2 Bf6 19. Bxf6 Nxf6 20. Qf5 a5 21. Qf4 a4 {1/2-1/2
Yermolinsky,A-Ivanov,A/Washington DC 1997/EXT 99 (21).}) 12... Qxd7 13. dxc5
bxc5 14. e4 {In such a setup, all white can do, is play e4, force black to
move his pawn to d4, and then, after blockading the pawn pair, try to capture
them, however, it's easier said than done} d4 (14... dxe4 15. Bxf6 $1 (15. Nxe4
$2 Qxd1 16. Nxf6+ Bxf6 17. Rfxd1 Bxb2 18. Bxb7 Rab8 19. Rab1 Rxb7 20. Rxb2 c4
$11) 15... Bxf6 16. Nxe4 Qxd1 17. Nxf6+ gxf6 18. Rfxd1 $16) 15. Re1 ({white
cannot let black knight to the Q side:} 15. e5 Nd5 {[%cal Yd5c3,Gd5b4,Gb4d3]
with a better game for black}) 15... a5 16. a4 Qe6 {[%csl Rb3]} 17. Rc1 {
[%csl Rc5] both sides have many weaknesses in this position, which compensate
for each other. However, white has less space, therefore, he's the one who
should play carefully} Ng4 {[%cal Gg4e5,Ge5d3]} 18. Ba3 (18. Nc4 Rfd8 $15 {
[%cal Gd4d2]}) 18... Ne5 19. Bf1 Rfc8 20. f4 Nd7 {playing on the safe side} (
20... Ng4 $5 21. f5 Qh6 22. Qxg4 Qxd2 {with an unclear game}) 21. Nc4 Rcb8 22.
Bg2 {white was able to push black back, and now, neither side can improve his
position, without weakening himself too much.} 1/2-1/2

[Event "Dos Hermanas-A"]
[Site "Dos Hermanas"]
[Date "2003.04.01"]
[Round "5"]
[White "Karjakin, Sergey"]
[Black "Khalifman, Alexander"]
[Result "1/2-1/2"]
[WhiteElo "2547"]
[BlackElo "2702"]
[PlyCount "68"]
[EventDate "2003.03.28"]
[EventType "tourn"]
[EventRounds "9"]
[EventCountry "ESP"]
[EventCategory "16"]
[SourceTitle "CBM 095"]
[Source "ChessBase"]
[SourceDate "2003.07.25"]
[SourceVersion "1"]
[SourceVersionDate "2003.07.25"]
[SourceQuality "1"]

1. e4 c5 2. Nf3 e6 3. d4 cxd4 4. Nxd4 Nc6 5. Nc3 d6 6. Be3 Nf6 7. Qd2 Be7 8. h3
O-O 9. O-O-O a6 10. g4 Nxd4 11. Bxd4 b5 12. g5 Nd7 13. h4 b4 14. Na4 Qa5 15. b3
Nc5 16. Bxc5 dxc5 17. Qf4 Ra7 18. Bc4 Rd7 19. Rxd7 Bxd7 20. Kb1 Bxa4 21. bxa4
Qd8 22. e5 a5 23. Qe4 Qd4 24. Qxd4 cxd4 25. Kb2 g6 26. f4 Kg7 27. h5 Rc8 28.
Kb3 Rc7 29. h6+ Kf8 30. Rd1 Bc5 31. Rd3 Ke7 32. Bb5 Bb6 33. Kb2 Rc3 34. Kc1 Ba7
1/2-1/2

[Event "Dos Hermanas-A"]
[Site "Dos Hermanas"]
[Date "2003.04.02"]
[Round "6"]
[White "Khalifman, Alexander"]
[Black "Campora, Daniel Hugo"]
[Result "1-0"]
[WhiteElo "2702"]
[BlackElo "2505"]
[Annotator "Ftacnik,L"]
[PlyCount "85"]
[EventDate "2003.03.28"]
[EventType "tourn"]
[EventRounds "9"]
[EventCountry "ESP"]
[EventCategory "16"]
[SourceTitle "CBM 095"]
[Source "ChessBase"]
[SourceDate "2003.07.25"]
[SourceVersion "1"]
[SourceVersionDate "2003.07.25"]
[SourceQuality "1"]

1. d4 Nf6 2. c4 e6 3. g3 c5 4. d5 exd5 5. cxd5 d6 6. Bg2 Be7 7. Nc3 h5 $6 {
Campora does not belong to the chess elite, but even average grandmaster
should not ignore basic positional principles.} 8. Nf3 Bg4 9. h3 Bxf3 10. exf3
$1 {Khalifman creatively solves the problems of the defense, the doubled pawns
will be excellent in control of the important squares on the kingside.} (10.
Bxf3 h4 11. g4 Nbd7 12. O-O $14) 10... Na6 11. g4 Nd7 (11... hxg4 12. fxg4 O-O
13. O-O $14) 12. O-O Nc7 13. Re1 Kf8 (13... b5 14. f4 b4 15. Ne4 O-O 16. g5 g6
17. f5 $1 $16) 14. f4 hxg4 15. hxg4 Bf6 (15... b5 16. g5 Nb6 17. Be4 Kg8 18.
Qf3 $14) 16. g5 Bxc3 17. bxc3 b5 (17... g6 18. f5 gxf5 19. Qc2 Ne5 20. Qxf5 $14
) (17... f5 18. Qd3 g6 19. c4 Rh7 20. Bb2 $14) 18. a4 $1 bxa4 (18... a6 19. f5
Nb6 20. axb5 axb5 21. Rxa8 Qxa8 22. Bf4 Qd8 23. Qd3 Nc4 24. Qg3 $14) (18... b4
19. cxb4 cxb4 20. Bb2 a5 21. Qd4 f6 22. Re3 $14) 19. Rxa4 Nb6 20. Rae4 Qd7 {
The active white pieces are making possible snap of the d5 pawn very
problematic. The bishops would be overjoyed by the opening of the position.} (
20... Nbxd5 21. Qd3 $1 Nb6 22. c4 a5 (22... d5 23. cxd5 Qd6 24. Ba3 Rd8 25. Rc1
Nd7 26. Ra4 $16) 23. Bb2 Ra6 (23... a4 24. Re7 Ne6 25. Rxf7+ Kxf7 26. Qf5+ $18)
24. Re7 Ne6 25. Rxf7+ Kxf7 26. Qf5+ Kg8 27. Qxe6+ Kf8 28. Qg6 Ra7 29. Bc6 $18)
21. Qf3 Qf5 (21... Ncxd5 22. c4 f5 23. R4e2 Nc7 24. Qd3 Rd8 25. Bb2 Re8 26. Bc6
$3 Rxe2 (26... Qxc6 27. Qxf5+ Kg8 28. Rxe8+ Nxe8 29. Qe6+ Kf8 30. Qe7+ Kg8 31.
Qxe8+ Qxe8 32. Rxe8+ Kh7 33. g6+ $18) 27. Bxd7 Rxe1+ 28. Kg2 Nxd7 29. Qxd6+ Ke8
30. Qxc7 $16) 22. c4 Re8 (22... a5 23. Re7 Qc8 24. g6 fxg6 25. Qg3 $18) 23.
Rxe8+ Nxe8 24. Qe2 Qd7 25. f5 f6 (25... Nc7 26. f6 gxf6 27. gxf6 Rh4 28. Qd3
Qg4 29. Re4 Qh5 30. Bf4 $18) 26. g6 $1 Nc8 {Black king has found himself in
the cage with no chance for the escape. The limited access of the white pieces
is somewhat complicating realization of the enormous advantage.} (26... Nc7 27.
Bf4 Nc8 28. Qb2 Nb6 29. Ra1 $16) 27. Bf4 Rh4 28. Bg3 Rh8 (28... Rd4 29. Qh5 Ne7
30. Qh8+ Ng8 31. Rxe8+ $1 Kxe8 32. Qxg8+ $18) 29. Bf3 Nc7 30. Qe4 Na8 31. Qc2
Nab6 32. Re6 Rh6 (32... Na8 33. Qb1 Nc7 34. Qb7 Qd8 35. Bd1 $18) 33. Kg2 (33.
Qb3 Rh8 34. Qb5 Qxb5 35. cxb5 Nc4 36. Be2 N4b6 $16) 33... Rh8 34. Be2 Na8 35.
Qb3 Nab6 (35... Nc7 36. Qb7 $1 $18) 36. Bd3 Rh5 37. Qd1 Rh8 38. Qg4 (38. Re1
Ne7 39. Rh1 Rxh1 40. Qxh1 a5 41. Qh2 Nbc8 42. Qh8+ Ng8 43. Bf4 a4 $14) 38...
Qc7 39. Qe4 Qd7 40. Bh4 {Finally Khaliman has spotted the contours of the
final combination.} Qd8 (40... Na8 41. Bxf6 $1 gxf6 (41... Nc7 42. Bxg7+ Qxg7 (
42... Kxg7 43. f6+ Kg8 44. g7 Rh5 (44... Rh6 45. f7+ Qxf7 46. Rxh6 $18) 45. Qg4
) 43. f6 Qxg6+ 44. Qxg6 Rg8 45. Re1 Rxg6+ 46. Bxg6 $18) 42. Rxf6+ Kg8 43. Rf7
$18) 41. Bc2 Rh6 $2 (41... a5 42. Bg3 (42. Kf1 a4 43. Bxf6 gxf6 44. g7+ Kxg7
45. Qg4+ Kf8 46. Qg6 Nd7 47. Bxa4 $13) (42. Qg4 Kg8 43. Bg3 Kf8 44. Bd3 a4 45.
Bf4 Nd7 (45... a3 46. Qe2 Qd7 47. Bc1 $16) 46. Bxd6+ Nxd6 47. Rxd6 $18)) 42.
Bxf6 $1 gxf6 43. Re8+ 1-0